000
00312nam a22001217a 4500
005
20200622124717.0
008
200620b xxu||||| |||| 00| 0 eng d
082
_a
345.5412 ICC-S
245
_a
EASTERN - INDIA CRIMINAL CASES - 2019 [VOL-2] SUPREME COURT
300
_a
824;p
650
_a
LAW
_9
5701
942
_c
JRL
999
_c
7356
_d
7354